[Event "Cappelle op 24th"]
[Site "Cappelle la Grande"]
[Date "2008.02.19"]
[Round "5"]
[White "Scetinin, Alexander"]
[Black "Pereira, Ruben Miguel Nunes"]
[Result "1-0"]
[WhiteElo "2208"]
[BlackElo "2423"]
[PlyCount "112"]
[EventDate "2008.02.16"]
[EventType "swiss"]
[EventRounds "9"]
[EventCountry "FRA"]
[SourceTitle "CBM 122 Extra"]
[Source "ChessBase"]
[SourceDate "2008.03.04"]
[SourceVersion "1"]
[SourceVersionDate "2008.03.04"]
[SourceQuality "1"]

1. e4 c5 2. Nf3 d6 3. c3 Nf6 4. Bc4 Nc6 5. d3 g6 6. h4 Bg7 7. h5 Nxh5 8. d4 cxd4 9. cxd4 0-0 10. d5 Ne5 11. Be2 Nxf3+ 12. Bxf3 Nf6 13. Nc3 Qa5 14. Bh6 Bxh6 15. Rxh6 Bd7 16. Qd2 Rfc8 17. a3 b5 18. Rh4 Rab8 19. b4 Qb6 20. g4 Rc4 21. Ne2 Qd8 22. g5 Ne8 23. Qf4 e6 24. Kd2 e5 25. Qg3 h5 26. Bxh5 gxh5 27. Rxh5 Ng7 28. Rh6 Qc7 29. Qh4 Kf8 30. g6 Rc2+ 31. Kd1 fxg6 32. Qf6+ Kg8 33. Rxg6 Bg4 34. Rxg4 Rc8 35. Ke1 Rf8 36. Qe6+ Rf7 37. Rd1 a5 38. Rd3 Kf8 39. Qh6 Kg8 40. Rh4 Kf8 41. Qe3 axb4 42. axb4 Kg8 43. Rc3 Rxc3 44. Qxc3 Qe7 45. Qh3 Rf6 46. Rh8+ Kf7 47. Rh7 Qa7 48. Qh5+ Kf8 49. Rh8+ Ke7 50. Qg5 Qxf2+ 51. Kd2 Ne8 52. Qg8 Rf8 53. Qe6+ Kd8 54. Rh7 Ng7 55. Qxd6+ Kc8 56. Qc6+ Kd8 1-0

[Event "Cappelle op 24th"]
[Site "Cappelle la Grande"]
[Date "2008.02.16"]
[Round "1"]
[White "Scetinin, Alexander"]
[Black "Mataigne, Jean Michel"]
[Result "1-0"]
[WhiteElo "2208"]
[BlackElo "2010"]
[PlyCount "71"]
[EventDate "2008.02.16"]
[EventType "swiss"]
[EventRounds "9"]
[EventCountry "FRA"]
[SourceTitle "CBM 122 Extra"]
[Source "ChessBase"]
[SourceDate "2008.03.04"]
[SourceVersion "1"]
[SourceVersionDate "2008.03.04"]
[SourceQuality "1"]

1. e4 d6 2. d4 Nf6 3. Nc3 g6 4. Be2 Bg7 5. Be3 a6 6. f4 0-0 7. e5 Nfd7 8. Nf3 c5 9. exd6 exd6 10. 0-0 Re8 11. Bf2 cxd4 12. Bxd4 Bxd4+ 13. Qxd4 Nc6 14. Qxd6 Qb6+ 15. Kh1 Qxb2 16. Qd2 Nf6 17. Rab1 Qa3 18. Bc4 Be6 19. Bxe6 Rxe6 20. f5 Rd6 21. Qf4 Rad8 22. Rb3 Qc5 23. fxg6 hxg6 24. Ng5 R8d7 25. Nce4 Nxe4 26. Nxe4 Rd4 27. Qf3 Rxe4 28. Qxe4 Ne5 29. Rh3 Qf2 30. Re1 Rd2 31. Rg3 Nf3 32. Rxg6+ Kh7 33. Rg3+ Kh6 34. Qf4+ Kh5 35. Re5+ Nxe5 36. Qg5# 1-0

[Event "Moscow Aeroflot op-C"]
[Site "Moscow"]
[Date "2006.02.14"]
[Round "8"]
[White "Voicu Jagodzinsky, Carmen"]
[Black "Scetinin, Alexander"]
[Result "1/2-1/2"]
[WhiteElo "2265"]
[BlackElo "2238"]
[PlyCount "71"]
[EventDate "2006.02.07"]
[EventType "swiss"]
[EventRounds "9"]
[EventCountry "RUS"]
[SourceTitle "EXT 2007"]
[Source "ChessBase"]
[SourceDate "2006.11.23"]
[SourceVersion "1"]
[SourceVersionDate "2006.11.23"]
[SourceQuality "1"]

1. e4 e5 2. Nf3 Nc6 3. Bb5 Bc5 4. c3 Qf6 5. 0-0 Nge7 6. d4 exd4 7. Bxc6 Nxc6 8. e5 Qg6 9. cxd4 Be7 10. Nc3 0-0 11. Nd5 Bd8 12. Nf4 Qf5 13. h3 d6 14. Re1 h5 15. d5 Nxe5 16. Nd4 Qh7 17. Nxh5 Bd7 18. f4 Nc4 19. b3 Nb6 20. Qf3 c6 21. Bb2 Nxd5 22. Nxg7 Nf6 23. Nde6 fxe6 24. Nxe6 Bxe6 25. Rxe6 Qg6 26. Rae1 Rf7 27. g4 Ba5 28. R1e2 Qb1+ 29. Kh2 Bb6 30. Qg3 Raf8 31. g5 Nh5 32. Rh6 Qxb2 33. Qd3 Qd4 34. Qg6+ Rg7 35. Qe6+ Rgf7 36. Qg6+ 1/2-1/2

[Event "Moscow Aeroflot op-C"]
[Site "Moscow"]
[Date "2006.02.13"]
[Round "7"]
[White "Scetinin, Alexander"]
[Black "Kaganskiy, Gleb"]
[Result "0-1"]
[WhiteElo "2238"]
[BlackElo "2353"]
[PlyCount "62"]
[EventDate "2006.02.07"]
[EventType "swiss"]
[EventRounds "9"]
[EventCountry "RUS"]
[SourceTitle "EXT 2007"]
[Source "ChessBase"]
[SourceDate "2006.11.23"]
[SourceVersion "1"]
[SourceVersionDate "2006.11.23"]
[SourceQuality "1"]

1. e4 c5 2. Nf3 Nc6 3. Nc3 e5 4. Bc4 d6 5. 0-0 Be7 6. Nd5 Nf6 7. Nxe7 Qxe7 8. Re1 Be6 9. Bb5 0-0 10. Bxc6 bxc6 11. c3 Bg4 12. h3 Bh5 13. g4 Nxg4 14. hxg4 Bxg4 15. d3 f5 16. Qb3+ c4 17. Qxc4+ d5 18. exd5 Bxf3 19. d6+ Qf7 20. Qxf7+ Rxf7 21. Rxe5 f4 22. d4 Rf6 23. Kf1 Rd8 24. b3 Rdxd6 25. Ke1 h5 26. Kf1 h4 27. Kg1 Rg6+ 28. Kh2 Rdf6 29. Ba3 h3 30. Be7 Rg2+ 31. Kxh3 Rh6+ 0-1

[Event "Moscow Aeroflot op-C"]
[Site "Moscow"]
[Date "2006.02.09"]
[Round "3"]
[White "Scetinin, Alexander"]
[Black "Van Delft, Merijn"]
[Result "1/2-1/2"]
[WhiteElo "2238"]
[BlackElo "2372"]
[PlyCount "113"]
[EventDate "2006.02.07"]
[EventType "swiss"]
[EventRounds "9"]
[EventCountry "RUS"]
[SourceTitle "EXT 2007"]
[Source "ChessBase"]
[SourceDate "2006.11.23"]
[SourceVersion "1"]
[SourceVersionDate "2006.11.23"]
[SourceQuality "1"]

1. e4 e5 2. Nf3 Nc6 3. Bc4 Bc5 4. c3 Nf6 5. b4 Bb6 6. d3 d6 7. a4 a5 8. b5 Ne7 9. Qb3 0-0 10. h3 Ng6 11. 0-0 Nh5 12. d4 Nhf4 13. Kh2 Qf6 14. Qd1 h6 15. Be3 Be6 16. Na3 Rad8 17. Bxe6 Nxe6 18. Nc4 exd4 19. Nxb6 cxb6 20. Bxd4 Nxd4 21. Qxd4 Qxd4 22. cxd4 f5 23. exf5 Rxf5 24. Rac1 Rd7 25. Rc8+ Rf8 26. Rxf8+ Kxf8 27. Rc1 Kf7 28. Nd2 Ne7 29. g4 Nd5 30. Kg3 Re7 31. Nc4 Re6 32. Kf3 Rf6+ 33. Kg3 Re6 34. f4 Ke7 35. Kf3 Kd7 36. f5 Re8 37. h4 Re7 38. g5 h5 39. Rg1 Re8 40. f6 gxf6 41. g6 Rg8 42. Ne3 Ne7 43. g7 d5 44. Kf4 Ke6 45. Nf5 Nxf5 46. Re1+ Kd7 47. Kxf5 Rxg7 48. Kxf6 Rg4 49. Ke5 Rxh4 50. Kxd5 Rh2 51. Rg1 Ra2 52. Rg7+ Kc8 53. Rg8+ Kc7 54. Rg7+ Kc8 55. Rg8+ Kc7 56. Rg7+ Kb8 57. Rg8+ 1/2-1/2

[Event "Cappelle op 21st"]
[Site "Cappelle la Grande"]
[Date "2005.02.12"]
[Round "1"]
[White "Van der Stricht, Geert"]
[Black "Scetinin, Alexander"]
[Result "0-1"]
[WhiteElo "2425"]
[BlackElo "2237"]
[PlyCount "70"]
[EventDate "2005.02.12"]
[EventType "swiss"]
[EventRounds "9"]
[EventCountry "FRA"]
[SourceTitle "EXT 2006"]
[Source "ChessBase"]
[SourceDate "2005.11.24"]
[SourceVersion "1"]
[SourceVersionDate "2005.11.24"]
[SourceQuality "1"]

1. d4 Nf6 2. c4 c5 3. d5 b5 4. cxb5 a6 5. bxa6 Bxa6 6. Nc3 g6 7. Nf3 Bg7 8. g3 d6 9. Bg2 Nbd7 10. Rb1 0-0 11. 0-0 Qc7 12. b3 Rfb8 13. Bb2 Ng4 14. h3 Nge5 15. Nd2 g5 16. Nce4 h6 17. f4 gxf4 18. gxf4 Ng6 19. Bxg7 Kxg7 20. Qe1 Rg8 21. f5 Nge5 22. f6+ exf6 23. Qh4 Bxe2 24. Rxf6 Nxf6 25. Qxf6+ Kh7 26. Nxd6 Rg6 27. Qxe5 Qxd6 28. Qxd6 Rxd6 29. Be4+ f5 30. Bxf5+ Kh8 31. Be6 Ra7 32. Ne4 Rd8 33. Rc1 Bf3 34. Nf2 Bxd5 35. Rd1 Rg7+ 0-1

[Event "Cappelle op 20th"]
[Site "Cappelle la Grande"]
[Date "2004.03.01"]
[Round "3"]
[White "Scetinin, Alexander"]
[Black "Swiercz, Kevin"]
[Result "1-0"]
[WhiteElo "2283"]
[BlackElo "2054"]
[PlyCount "39"]
[EventDate "2004.02.28"]
[EventType "swiss"]
[EventRounds "9"]
[EventCountry "FRA"]
[SourceTitle "CBM 099 Extra"]
[Source "ChessBase"]
[SourceDate "2004.05.04"]
[SourceVersion "1"]
[SourceVersionDate "2004.05.04"]
[SourceQuality "1"]

1. e4 c5 2. Nf3 e6 3. c3 d5 4. e5 Nc6 5. d4 cxd4 6. cxd4 Bb4+ 7. Nc3 Nge7 8. Bd3 Ng6 9. h4 Ba5 10. Bg5 Qb6 11. 0-0 h6 12. Bc1 0-0 13. Ne2 Nge7 14. Bb1 Qd8 15. a3 Nf5 16. Qd3 g6 17. h5 Bd7 18. g4 Ng7 19. Bxh6 f5 20. Nf4 1-0

[Event "Biel MTO op"]
[Site "Biel"]
[Date "2001.07.31"]
[Round "8"]
[White "Cherniaev, Alexander"]
[Black "Scetinin, Alexander"]
[Result "1-0"]
[WhiteElo "2437"]
[BlackElo "2279"]
[PlyCount "125"]
[EventDate "2001.07.23"]
[EventType "swiss"]
[EventRounds "11"]
[EventCountry "SUI"]
[SourceTitle "CBM 083 Extra"]
[Source "ChessBase"]
[SourceDate "2001.09.11"]
[SourceVersion "1"]
[SourceVersionDate "2001.09.11"]
[SourceQuality "1"]

1. e4 e5 2. Nf3 Nc6 3. Bc4 Bc5 4. c3 Nf6 5. d3 a5 6. 0-0 Qe7 7. Bb3 d6 8. Nbd2 0-0 9. Nc4 b5 10. Ne3 Bxe3 11. fxe3 a4 12. Bc2 Bg4 13. h3 Bxf3 14. Qxf3 Nd7 15. Bd2 Nd8 16. Rf2 Ne6 17. Raf1 c5 18. a3 f6 19. Bb1 Nb6 20. h4 Rad8 21. Ba2 Kh8 22. Bd5 Nc7 23. c4 bxc4 24. dxc4 Ncxd5 25. cxd5 Rb8 26. Bc3 Kg8 27. g4 Nd7 28. Qh3 Rbc8 29. Kg2 Rce8 30. Qf3 Rb8 31. Qh3 Rbc8 32. Kh2 Rce8 33. Rf3 Rb8 34. R1f2 Rbe8 35. Kg1 Rb8 36. Kg2 Rbc8 37. Qh1 c4 38. Bb4 Nc5 39. Bxc5 Rxc5 40. g5 Qd7 41. Qh3 Qxh3+ 42. Kxh3 c3 43. bxc3 Rxc3 44. Kg4 Rxa3 45. gxf6 Rxf6 46. Rxf6 gxf6 47. Kf5 Rxe3 48. Rc2 Rf3+ 49. Ke6 Rf4 50. Kxd6 Rxe4 51. Ke7 Kg7 52. Rd2 Rb4 53. d6 Kg6 54. d7 Rb8 55. d8Q Rxd8 56. Rxd8 Kf5 57. Ra8 e4 58. Rxa4 e3 59. Ra5+ Kg4 60. Kxf6 Kxh4 61. Re5 Kg4 62. Rxe3 h5 63. Re4+ 1-0

[Event "Biel MTO op"]
[Site "Biel"]
[Date "2001.07.26"]
[Round "4"]
[White "Suter, Stephan"]
[Black "Scetinin, Alexander"]
[Result "0-1"]
[WhiteElo "2074"]
[BlackElo "2279"]
[PlyCount "76"]
[EventDate "2001.07.23"]
[EventType "swiss"]
[EventRounds "11"]
[EventCountry "SUI"]
[SourceTitle "CBM 083 Extra"]
[Source "ChessBase"]
[SourceDate "2001.09.11"]
[SourceVersion "1"]
[SourceVersionDate "2001.09.11"]
[SourceQuality "1"]

1. c4 e5 2. Nc3 Nf6 3. Nf3 Nc6 4. e3 Be7 5. Be2 0-0 6. 0-0 h6 7. d4 exd4 8. Nxd4 Re8 9. b3 d6 10. Bb2 Bf8 11. Rc1 g6 12. Qd2 Bg7 13. Nxc6 bxc6 14. Bf3 Bd7 15. Rfd1 Qe7 16. c5 d5 17. Ne2 a5 18. a4 Reb8 19. Nd4 Ra7 20. Rc2 Ne8 21. Qd3 f5 22. Rdc1 Nf6 23. Be2 Ne4 24. f3 Nf6 25. Qd2 Re8 26. Kf2 h5 27. Bd3 Raa8 28. Bc3 Nh7 29. Re1 Bh6 30. Bxa5 Qh4+ 31. Kf1 Rxe3 32. Rxe3 Qxd4 33. Bxc7 Bxe3 34. Qc3 Qxc3 35. Rxc3 Bd4 36. Rc2 Nf8 37. g3 Ne6 38. Bb6 Bc8 0-1

[Event "Biel MTO op"]
[Site "Biel"]
[Date "2001.07.25"]
[Round "3"]
[White "Scetinin, Alexander"]
[Black "Efimenko, Zahar"]
[Result "0-1"]
[WhiteElo "2279"]
[BlackElo "2495"]
[PlyCount "93"]
[EventDate "2001.07.23"]
[EventType "swiss"]
[EventRounds "11"]
[EventCountry "SUI"]
[SourceTitle "CBM 083 Extra"]
[Source "ChessBase"]
[SourceDate "2001.09.11"]
[SourceVersion "1"]
[SourceVersionDate "2001.09.11"]
[SourceQuality "1"]

1. e4 e6 2. d4 d5 3. Nc3 Bb4 4. exd5 exd5 5. Nf3 Ne7 6. Bd3 Bg4 7. a3 Ba5 8. 0-0 Nbc6 9. Ne2 Bxf3 10. gxf3 Ng6 11. c3 Qd7 12. a4 Bb6 13. Ng3 Kf8 14. Bf5 Qd8 15. Re1 a5 16. b3 h5 17. Bh3 Qh4 18. Bf1 Qf6 19. Bh3 Nf4 20. Bxf4 Qxf4 21. Qd3 Qh4 22. Bg2 g6 23. Qb5 Rd8 24. Re3 Qg5 25. f4 Qxf4 26. Rae1 Qd6 27. h4 Kg7 28. Qd3 Qf6 29. Bh3 Qxh4 30. Kg2 Rd6 31. Rf3 Rf6 32. Rxf6 Qxf6 33. Re3 h4 34. Ne2 Ne7 35. Rf3 Qd6 36. c4 c5 37. dxc5 Bxc5 38. Nf4 Rd8 39. Qc3+ d4 40. Qxa5 Nc6 41. Qb5 Ne5 42. Qxb7 Rb8 43. Qe4 Nxf3 44. Qxf3 d3 45. Nd5 Rxb3 46. Qd1 Rb2 47. Kh1 0-1

[Event "Cappelle op 16th"]
[Site "Cappelle la Grande"]
[Date "2000.02.22"]
[Round "5"]
[White "Scetinin, Alexander"]
[Black "Atalik, Suat"]
[Result "0-1"]
[WhiteElo "2288"]
[BlackElo "2575"]
[PlyCount "79"]
[EventDate "2000.02.19"]
[EventType "swiss"]
[EventRounds "9"]
[EventCountry "FRA"]
[SourceTitle "CBM 074 Extra"]
[Source "ChessBase"]
[SourceDate "2000.03.10"]
[SourceVersion "2"]
[SourceVersionDate "2000.03.10"]
[SourceQuality "1"]

1. e4 c5 2. Nf3 d6 3. Bb5+ Bd7 4. Bxd7+ Qxd7 5. c4 Nc6 6. 0-0 g6 7. Nc3 Bg7 8. d3 Nf6 9. Bf4 Ng4 10. h3 Nge5 11. Rb1 0-0 12. Be3 Nxf3+ 13. Qxf3 f5 14. Qg3 fxe4 15. Nxe4 Nb4 16. Rfd1 Nxa2 17. d4 Qf5 18. f3 cxd4 19. Bxd4 Nb4 20. Bxg7 Kxg7 21. Qh4 Qe5 22. Kh1 Rf4 23. Qe1 a5 24. Qc3 Rf5 25. g4 Rff8 26. Qxe5+ dxe5 27. Rd7 Rxf3 28. Ng5 Rd3 29. Rxb7 h6 30. Ne6+ Kf7 31. Nc5 Rd4 32. Rf1+ Rf4 33. Re1 Rxc4 34. Nd7 Nd3 35. Rf1+ Kg8 36. Nb6 Rb4 37. Rxe7 Rf8 38. Rxf8+ Kxf8 39. Rd7 Nxb2 40. Rd6 0-1

[Event "Voronezh op-A"]
[Site "Voronezh"]
[Date "2000.??.??"]
[Round "8"]
[White "Scetinin, Alexander"]
[Black "Simonenko, Sergei"]
[Result "1/2-1/2"]
[WhiteElo "2288"]
[BlackElo "2440"]
[PlyCount "96"]
[EventDate "2000.06.??"]
[EventType "swiss"]
[EventRounds "9"]
[EventCountry "RUS"]
[SourceTitle "EXT 2001"]
[Source "ChessBase"]
[SourceDate "2000.11.22"]
[SourceVersion "1"]
[SourceVersionDate "2000.11.22"]
[SourceQuality "1"]

1. e4 d6 2. d4 Nf6 3. Nc3 g6 4. Be2 Bg7 5. Be3 a6 6. Qd2 b5 7. f3 Nbd7 8. Bh6 Bxh6 9. Qxh6 c5 10. dxc5 Nxc5 11. h4 Qa5 12. Qd2 Be6 13. g4 Rc8 14. Nh3 b4 15. Nd1 Bxg4 16. fxg4 Ncxe4 17. Qe3 Rxc2 18. 0-0 Qe5 19. Nf4 g5 20. Bd3 gxf4 21. Rxf4 Nxg4 22. Qxe4 Qc5+ 23. Qd4 Rg8 24. Bxc2 Ne5+ 25. Kh1 Qxd4 26. Rxd4 Nf3 27. Ba4+ Kf8 28. Ne3 Nxd4 29. Rg1 Rxg1+ 30. Kxg1 Nf3+ 31. Kf2 Nxh4 32. Bc2 Ng6 33. Bd3 a5 34. Nc4 a4 35. Bc2 b3 36. axb3 axb3 37. Bxb3 Nf4 38. Bc2 d5 39. Nd2 h5 40. Nf3 f6 41. Ke3 e5 42. Bf5 Ke7 43. Nh4 Kd6 44. Bc2 Kc5 45. Nf5 Kb4 46. Bd1 Kc5 47. Bc2 Ne6 48. Bd1 Nf4 1/2-1/2

[Event "Pardubice KB op"]
[Site "Pardubice"]
[Date "1999.07.17"]
[Round "2"]
[White "Scetinin, Alexander"]
[Black "Szekely, Peter"]
[Result "1/2-1/2"]
[WhiteElo "2320"]
[BlackElo "2436"]
[PlyCount "21"]
[EventDate "1999.07.11"]
[EventType "swiss"]
[EventRounds "9"]
[EventCountry "CZE"]
[SourceTitle "EXT 2000"]
[Source "ChessBase"]
[SourceDate "1999.11.16"]
[SourceVersion "1"]
[SourceVersionDate "1999.11.16"]
[SourceQuality "1"]

1. e4 c5 2. Nf3 d6 3. Bb5+ Bd7 4. Bxd7+ Qxd7 5. c4 Nf6 6. d3 g6 7. 0-0 Nc6 8. Nc3 Bg7 9. h3 0-0 10. Be3 b6 11. Qd2 1/2-1/2

[Event "Biel MTO op"]
[Site "Biel"]
[Date "1997.??.??"]
[Round "4"]
[White "Haselhorst, Helmut"]
[Black "Scetinin, Alexander"]
[Result "1/2-1/2"]
[WhiteElo "2165"]
[BlackElo "2305"]
[PlyCount "51"]
[EventDate "1997.07.21"]
[EventType "swiss"]
[EventRounds "11"]
[EventCountry "SUI"]
[SourceTitle "CBM 060 Extra"]
[Source "ChessBase"]
[SourceDate "1997.11.04"]
[SourceVersion "1"]
[SourceVersionDate "1997.11.04"]
[SourceQuality "1"]

1. d4 Nf6 2. Nf3 d6 3. c4 Nbd7 4. Nc3 e5 5. e4 Be7 6. Be2 0-0 7. 0-0 c6 8. Re1 Re8 9. Rb1 a5 10. Bf1 Bf8 11. d5 c5 12. g3 g6 13. Bh3 Bg7 14. Nh4 Nb6 15. Bxc8 Qxc8 16. b3 Qh3 17. Rb2 Rf8 18. f3 Nh5 19. Ng2 Rae8 20. Rf2 Re7 21. Ref1 f5 22. Bd2 Nc8 23. Ne1 Nf6 24. Nd3 Ref7 25. Qe2 Bh6 26. Rd1 1/2-1/2

[Event "Biel MTO op"]
[Site "Biel"]
[Date "1997.??.??"]
[Round "7"]
[White "Sedina, Elena"]
[Black "Scetinin, Alexander"]
[Result "1-0"]
[WhiteElo "2400"]
[BlackElo "2305"]
[PlyCount "89"]
[EventDate "1997.07.21"]
[EventType "swiss"]
[EventRounds "11"]
[EventCountry "SUI"]
[SourceTitle "CBM 060 Extra"]
[Source "ChessBase"]
[SourceDate "1997.11.04"]
[SourceVersion "1"]
[SourceVersionDate "1997.11.04"]
[SourceQuality "1"]

1. e4 e5 2. Nf3 Nc6 3. Bb5 f5 4. Nc3 Nf6 5. Bxc6 dxc6 6. Qe2 Bd6 7. d4 exd4 8. Nxd4 fxe4 9. Bg5 0-0 10. 0-0-0 h6 11. Bh4 Qe7 12. Rhe1 e3 13. fxe3 g5 14. Bg3 Bg4 15. Nf3 Bxg3 16. hxg3 Rad8 17. Rxd8 Rxd8 18. e4 Nh5 19. e5 Nxg3 20. Qf2 Nh5 21. Qxa7 Nf4 22. Qf2 Kg7 23. Nh2 Bh5 24. g3 Nd5 25. Ne4 b6 26. g4 Bg6 27. Ng3 Qb4 28. Nf5+ Kh7 29. e6 Re8 30. a3 Qf4+ 31. Qxf4 Nxf4 32. e7 Nd5 33. Re6 Bxf5 34. gxf5 Rxe7 35. Rxc6 Ne3 36. f6 Rd7 37. b4 g4 38. Re6 g3 39. Rxe3 gxh2 40. Rh3 Rf7 41. Rxh2 Rxf6 42. a4 Kg6 43. Rg2+ Kf5 44. Rf2+ Ke5 45. Rxf6 1-0

[Event "Cappelle op 11th"]
[Site "Cappelle la Grande"]
[Date "1995.??.??"]
[Round "5"]
[White "Sapis, Witalis"]
[Black "Scetinin, Alexander"]
[Result "1-0"]
[WhiteElo "2440"]
[BlackElo "2315"]
[PlyCount "141"]
[EventDate "1995.03.??"]
[EventType "swiss"]
[EventRounds "9"]
[EventCountry "FRA"]
[SourceTitle "EXT 1997"]
[Source "ChessBase"]
[SourceDate "1996.11.15"]
[SourceVersion "1"]
[SourceVersionDate "1996.11.15"]
[SourceQuality "1"]

1. d4 Nf6 2. c4 c5 3. d5 b5 4. cxb5 a6 5. b6 Qxb6 6. Nc3 d6 7. e4 g6 8. Nf3 Bg7 9. Nd2 0-0 10. Be2 Nbd7 11. 0-0 Rb8 12. Nc4 Qc7 13. Bf4 Ne8 14. Qc2 Nb6 15. Nd2 Bd7 16. Rfe1 Qb7 17. Bg5 Nc8 18. Nc4 Nc7 19. a4 Qb3 20. Qd3 h6 21. Bd2 Kh7 22. Bd1 Qb7 23. e5 Bf5 24. Qf3 h5 25. h3 dxe5 26. Nxe5 Ne8 27. Nc6 Ra8 28. g4 hxg4 29. hxg4 Bd7 30. Nxe7 Nxe7 31. Rxe7 Kg8 32. d6 Qxf3 33. Bxf3 Rd8 34. Bf4 Be6 35. Rd1 Bd4 36. Ne2 Bxb2 37. Rb7 Bg7 38. d7 Nf6 39. Bc6 Nxg4 40. Bc7 Ne5 41. Bxd8 Rxd8 42. Rc7 Bg4 43. Kf1 Kf8 44. Rc8 Nxc6 45. Rxc6 Bxd7 46. Rxa6 Bh3+ 47. Ke1 Re8 48. Rd3 Be6 49. Rad6 Bc4 50. Re3 Ra8 51. Re4 Bb3 52. a5 Bb2 53. a6 c4 54. Rb6 Rd8 55. Kf1 Rd1+ 56. Kg2 Ra1 57. Nd4 Ra3 58. Nxb3 cxb3 59. Reb4 Ra2 60. Rc6 Ra3 61. Rcb6 Ra2 62. Kf3 Bc3 63. Rxb3 Bd4 64. Rc6 Bxf2 65. Rcc3 Ba7 66. Ra3 Rf2+ 67. Kg4 Kg7 68. Rcb3 Rf6 69. Rb7 Bg1 70. a7 Bxa7 71. Rbxa7 1-0

[Event "Groningen op"]
[Site "Groningen"]
[Date "1993.??.??"]
[Round "11"]
[White "Maric, Alisa"]
[Black "Scetinin, Alexander"]
[Result "1/2-1/2"]
[WhiteElo "2405"]
[BlackElo "2330"]
[PlyCount "133"]
[EventDate "1993.12.??"]
[EventType "swiss"]
[EventRounds "11"]
[EventCountry "NED"]
[SourceTitle "CBM 038 Extra"]
[Source "ChessBase"]
[SourceDate "1994.03.01"]
[SourceVersion "1"]
[SourceVersionDate "1994.03.01"]
[SourceQuality "1"]

1. d4 Nf6 2. Nf3 c5 3. d5 b5 4. Bg5 Qa5+ 5. c3 Ne4 6. Bh4 b4 7. Qc2 bxc3 8. bxc3 f5 9. Nfd2 g5 10. Nxe4 gxh4 11. Ned2 Bg7 12. Qxf5 Bxc3 13. Nxc3 Qxc3 14. Rd1 Na6 15. e3 Rb8 16. Bc4 Rb2 17. d6 exd6 18. 0-0 Rf8 19. Qh5+ Kd8 20. Qxh4+ Kc7 21. Qe7 Qf6 22. Qxf6 Rxf6 23. Ne4 Rg6 24. Bf7 Rh6 25. Rb1 Rxb1 26. Rxb1 Bb7 27. Nc3 Nb4 28. a3 Nc6 29. f4 Ne7 30. h3 d5 31. Rd1 Ra6 32. Bxd5 Bxd5 33. Nxd5+ Nxd5 34. Rxd5 Kc6 35. Rd3 d5 36. Kf2 c4 37. Rc3 Kc5 38. Ke1 Rg6 39. Rc2 d4 40. exd4+ Kxd4 41. f5 Rc6 42. Rf2 c3 43. Kd1 Rb6 44. Kc1 Ke5 45. Rf3 Kf6 46. Rxc3 Kxf5 47. Rc7 Ra6 48. Rxh7 Rxa3 49. Rg7 Kf6 50. Rg8 Kf7 51. Rg4 Ra2 52. h4 a5 53. h5 a4 54. Kb1 Rf2 55. Rg6 a3 56. g4 Rb2+ 57. Ka1 Rg2 58. g5 Rh2 59. Rf6+ Kg8 60. h6 Kh7 61. Rf7+ Kg8 62. Ra7 Rg2 63. Rg7+ Kh8 64. g6 Ra2+ 65. Kb1 Rb2+ 66. Kc1 Rg2 67. Rh7+ 1/2-1/2

[Event "Leeuwarden op"]
[Site "Leeuwarden"]
[Date "1993.??.??"]
[Round "1"]
[White "Psakhis, Lev"]
[Black "Scetinin, Alexander"]
[Result "1-0"]
[WhiteElo "2585"]
[BlackElo "2330"]
[PlyCount "109"]
[EventDate "1993.08.??"]
[EventType "swiss"]
[EventRounds "9"]
[EventCountry "NED"]
[SourceTitle "TD"]
[Source "ChessBase"]
[SourceDate "1994.03.01"]
[SourceVersion "1"]
[SourceVersionDate "1994.03.01"]
[SourceQuality "1"]

1. c4 e5 2. g3 Nf6 3. Bg2 d5 4. cxd5 Nxd5 5. Nc3 Be6 6. Nf3 Nc6 7. 0-0 Be7 8. d4 Nxc3 9. bxc3 e4 10. Nd2 f5 11. Rb1 Rb8 12. Qa4 0-0 13. f3 exf3 14. Bxf3 Bd5 15. Bxd5+ Qxd5 16. Rb5 Qd7 17. Qb3+ Kh8 18. Qd5 Qxd5 19. Rxd5 g6 20. e4 fxe4 21. Nxe4 Rxf1+ 22. Kxf1 Rd8 23. Rxd8+ Nxd8 24. d5 Nf7 25. Bf4 Bd6 26. Be3 b6 27. Ke2 Kg7 28. c4 Kf8 29. c5 bxc5 30. Nxc5 Ke7 31. Na6 Kd7 32. Bxa7 c6 33. dxc6+ Kxc6 34. Bb8 Ba3 35. Bf4 g5 36. Bd2 h5 37. Nb4+ Kc5 38. Nc2 Bb2 39. Kd3 Kd5 40. Ne3+ Ke6 41. a4 Be5 42. Nc4 Bb8 43. Ke4 h4 44. gxh4 gxh4 45. Bf4 Ba7 46. a5 Kd7 47. Kd5 h3 48. a6 Bg1 49. Nd2 Kc8 50. Ne4 Ba7 51. Bg3 Bb8 52. Nc5 Ng5 53. Kc6 Ba7 54. Nd7 Ne6 55. Nb6+ 1-0

[Event "Groningen op"]
[Site "Groningen"]
[Date "1993.??.??"]
[Round "10"]
[White "Scetinin, Alexander"]
[Black "Blatny, Pavel"]
[Result "1-0"]
[WhiteElo "2330"]
[BlackElo "2510"]
[PlyCount "49"]
[EventDate "1993.12.??"]
[EventType "swiss"]
[EventRounds "11"]
[EventCountry "NED"]
[SourceTitle "CBM 038 Extra"]
[Source "ChessBase"]
[SourceDate "1994.03.01"]
[SourceVersion "1"]
[SourceVersionDate "1994.03.01"]
[SourceQuality "1"]

1. e4 e5 2. Nf3 Nc6 3. d4 exd4 4. Nxd4 Bc5 5. Nf5 Qf6 6. Nc3 Nge7 7. Ne3 d6 8. g3 h5 9. h4 Ne5 10. f4 Ng4 11. Nxg4 Bxg4 12. Be2 Bxe2 13. Qxe2 Qg6 14. Qf3 d5 15. Bd2 Bd4 16. 0-0-0 Bxc3 17. Qxc3 0-0-0 18. f5 Qa6 19. Bf4 Rd7 20. Qxg7 Rhd8 21. Kb1 Qc4 22. Qxf7 Nc6 23. b3 Qc5 24. Rxd5 Rxd5 25. Qxc7# 1-0